[Event "MCR_O188"]
[Site "?"]
[Date "2004.??.??"]
[Round "?"]
[White "Vlcek, Alois"]
[Black "Izing, Stefan ml."]
[Result "0-1"]
[WhiteElo "1858"]
[BlackElo "1800"]
[PlyCount "60"]
[EventDate "2004.??.??"]
[EventType "corr"]
[EventRounds "2"]
[SourceDate "2005.03.12"]

1. e4 e5 2. Bc4 Nf6 3. d3 c6 4. Nf3 d5 5. exd5 cxd5 6. Bb5+ Bd7 7. Bxd7+ Nbxd7
8. Qe2 Bb4+ 9. c3 Bd6 10. Bg5 O-O 11. Nbd2 Qb6 12. Nb3 a5 13. Be3 Qc6 14. Qd2
d4 15. Bg5 a4 16. Nc1 a3 17. b3 dxc3 18. Qc2 Nd5 19. O-O Nb4 20. Qe2 f5 21. Ne1
h6 22. Bh4 g5 23. Bg3 f4 24. Bxf4 Rxf4 25. g3 Rf6 26. Nc2 Raf8 27. Nxb4 Bxb4
28. Qe4 Qxe4 29. dxe4 Nc5 30. Kg2 g4 0-1

[Event "MCR_O188"]
[Site "?"]
[Date "2004.??.??"]
[Round "?"]
[White "Vlcek, Alois"]
[Black "Masek, Frantisek"]
[Result "0-1"]
[WhiteElo "1858"]
[BlackElo "1800"]
[PlyCount "52"]
[EventDate "2004.??.??"]
[EventType "corr"]
[EventRounds "2"]
[SourceDate "2005.03.12"]

1. d4 Nf6 2. c4 c5 3. d5 b5 4. cxb5 a6 5. bxa6 Bxa6 6. Nc3 g6 7. g3 Bg7 8. Bg2
O-O 9. d6 Nc6 10. dxe7 Qxe7 11. Bf4 d5 12. Bg5 Qb7 13. Qd2 d4 14. Ne4 c4 15.
Nc5 Qb5 16. b4 c3 17. Qc1 Nxb4 18. Nxa6 Rxa6 19. a3 d3 20. Kf1 Rd8 21. Bf3 d2
22. Bxd2 cxd2 23. Qd1 Nfd5 24. Nh3 Bxa1 25. Kg2 Rxa3 26. Qxd2 Ne3+ 0-1

[Event "MCR_O188"]
[Site "?"]
[Date "2004.??.??"]
[Round "?"]
[White "Vlcek, Alois"]
[Black "Novak, Jindrich"]
[Result "0-1"]
[WhiteElo "1858"]
[BlackElo "1800"]
[PlyCount "70"]
[EventDate "2004.??.??"]
[EventType "corr"]
[EventRounds "2"]
[SourceDate "2005.03.12"]

1. e4 d6 2. Nf3 f5 3. d3 e5 4. Nc3 Nf6 5. exf5 Bxf5 6. h3 Nc6 7. g4 Be6 8. g5
Nd5 9. Ne4 Qd7 10. c4 Nb6 11. Be3 Be7 12. h4 O-O-O 13. Qd2 Rhf8 14. Bg2 d5 15.
cxd5 Bb4 16. Nc3 Bxd5 17. Bh3 Bxf3 18. Bxd7+ Rxd7 19. O-O e4 20. a3 Be7 21. b3
Ne5 22. d4 Bh5 23. Qc2 Nf3+ 24. Kg2 Nxd4 25. Bxd4 Bf3+ 26. Kg1 Rxd4 27. Nb5 Rd7
28. Nxa7+ Kb8 29. Nb5 Rf4 30. Kh2 Rxh4+ 31. Kg3 Rg4+ 32. Kh3 Nd5 33. Qc1 Nf4+
34. Qxf4 Rxf4 35. Rg1 h6 0-1

[Event "MCR_O188"]
[Site "?"]
[Date "2004.??.??"]
[Round "?"]
[White "Vlcek, Alois"]
[Black "Petricek, Jiri"]
[Result "1-0"]
[WhiteElo "1858"]
[BlackElo "1876"]
[PlyCount "25"]
[EventDate "2004.??.??"]
[EventType "corr"]
[EventRounds "2"]
[SourceDate "2005.03.12"]

1. d4 d5 2. c4 c6 3. Nf3 Nf6 4. Nc3 e6 5. cxd5 exd5 6. e3 Bd6 7. Bd3 O-O 8. O-O
Re8 9. Qc2 Bg4 10. Ng5 h6 11. Nh7 Nbd7 12. Nxf6+ Nxf6 13. f3 {
Petricek nedohrano} 1-0

[Event "MCR_O188"]
[Site "?"]
[Date "2004.??.??"]
[Round "?"]
[White "Vlcek, Alois"]
[Black "Vins, Karel"]
[Result "1/2-1/2"]
[WhiteElo "1858"]
[BlackElo "1800"]
[PlyCount "55"]
[EventDate "2004.??.??"]
[EventType "corr"]
[EventRounds "2"]
[SourceDate "2005.03.12"]

1. d4 d5 2. Nc3 Nc6 3. e3 Nf6 4. Bd3 e5 5. Bb5 e4 6. h3 a6 7. Bxc6+ bxc6 8.
Nge2 c5 9. Nf4 g5 10. Nh5 Be6 11. Nxf6+ Qxf6 12. Ne2 h5 13. c3 c4 14. Bd2 Qg6
15. h4 g4 16. Nf4 Qh6 17. Nxe6 Qxe6 18. Qa4+ c6 19. g3 Bg7 20. b4 O-O 21. O-O
f5 22. Rfb1 Rfc8 23. a3 Bf6 24. Rb2 Qe7 25. Rab1 Qc7 26. Kg2 Be7 27. Qc2 Kf7
28. a4 1/2-1/2